Представление документа в формате MARC21

Поле Инд. ПП Название Значение
Тип записи a
Библиографический уровень m
001 Контрольный номер DU/611668045
005 Дата корректировки 20260330094544.1
020 a ISBN 978-5-534-05277-0
040 b Код языка каталог. rus
041 0_ a Код языка текста eng
084 a Индекс другой классификации/Индекс ББК 85.113; 81.432.1
090 a Полочн. индекс 85.113
x Авторский знак R 95
100 1_ a Автор Ruskin J.
q Полное имя Ruskin John
u Дополнение к имени Рёскин Джон
245 10 a Заглавие The stones of Venice. Камни Венеции
260 a Место издания Москва
b Издательство Юрайт
c Дата издания 2019
300 a Объем 251 с.
336 a Термин вида содержания Текст
337 a Термин типа средства непосредственный + электронный
440 _0 a Серия Читаем в оригинале
500 a Примечание На английском языке
541 1_ a Номер заявки 8759
b Заявитель Хохлова Светлана Павловна
c Факультет/Кафедра/Подразделение Кафедра социологии и гуманитарных наук
d Дата заявки 19.05.2019
f Дисциплина Культурология
h Уровень подготовки Бакалавриат
n Количество экземпляров 2
650 04 a Основная рубрика английский язык
a Основная рубрика архитектура
a Основная рубрика искусство
a Основная рубрика история архитектуры
a Основная рубрика филологические науки
a Основная рубрика частное языкознание
a Основная рубрика языкознание
653 0_ a Ключевые слова Венеция
a Ключевые слова изобразительное искусство
a Ключевые слова Италия
a Ключевые слова орнаменты
a Ключевые слова стилистические особенности
655 a Жанр/ форма (устаревшее) учебное пособие
720 a Наименование подборки К семинарам по культурологии
e Признак/вид подборки Тематические подборки
856 40 a Имя сервера/домена ЭБС ЮРАЙТ
d Путь https://urait.ru
i Указания/сценарий входа Доступ по логину и паролю
u URL https://urait.ru/book/the-stones-of-venice-kamni-venecii-441451
v Время доступа к ресурсу 25.03.2027
y Справочный текст Электронная версия
900 a Имя электронного ресурса cover
x Справочная информация Обложка
900 x Справочная информация Полный текст
901 t Тип документа m
952 a Тип литературы для КСУ ВШ НАУ